Tous les Pharaons d'Egypte - Statistiques

Statistiques générales
  • Ce quiz a été pris 67 fois
  • Le résultat moyen est 34 sur 368
Statistiques - réponses
Hint Réponse % Correct
XIXe dynastie Ramsès II
85%
XXe dynastie Ramsès III
85%
XXe dynastie Ramsès IV
85%
XXe dynastie Ramsès IX
85%
XXe dynastie Ramsès V
85%
XXe dynastie Ramsès VI
85%
XXe dynastie Ramsès VII
85%
XXe dynastie Ramsès VIII
85%
XXe dynastie Ramsès X
85%
XXe dynastie Ramsès XI
85%
XVIIIe dynastie Toutânkhamon
83%
XXXIIIe dynastie (lagide) Cléopâtre VII
72%
XVIIIe dynastie Akhenaton
64%
XXXIIIe dynastie (lagide) Ptolémée II
53%
XXXIIIe dynastie (lagide) Ptolémée III
53%
XXXIIIe dynastie (lagide) Ptolémée IV
53%
XXXIIIe dynastie (lagide) Ptolémée IX
53%
XXXIIIe dynastie (lagide) Ptolémée V
53%
XXXIIIe dynastie (lagide) Ptolémée VI
53%
XXXIIIe dynastie (lagide) Ptolémée VII
53%
XXXIIIe dynastie (lagide) Ptolémée VIII
53%
XXXIIIe dynastie (lagide) Ptolémée X
53%
XXXIIIe dynastie (lagide) Ptolémée XI
53%
XXXIIIe dynastie (lagide) Ptolémée XII
53%
XXXIIIe dynastie (lagide) Ptolémée XIII
53%
XXXIIIe dynastie (lagide) Ptolémée XIV
53%
XXXIIIe dynastie (lagide) Ptolémée XV
53%
IVe Dynastie Khéops
43%
XVIIIe dynastie Hatchepsout
34%
IIIe Dynastie Djéser
32%
IVe Dynastie Khéphren
32%
IVe Dynastie Mykérinos
32%
XIVe dynastie Seth II
32%
XVIIIe dynastie Thoutmosis II
32%
XVIIIe dynastie Thoutmosis III
32%
XVIIIe dynastie Thoutmosis IV
32%
XVIIIe dynastie Amenhotep II
30%
XVIIIe dynastie Amenhotep III
30%
XXXIIe dynastie Alexandre IV
26%
Ier Dynastie Narmer
26%
VIe dynastie Pépi II
25%
Dynastie 0 Hat-Hor
23%
Dynastie 0 Hédjou-Hor
23%
XIIIe dynastie Hor II
23%
XIVe dynastie Hor IV
23%
Dynastie 0 Iry-Hor
23%
Dynastie 0 Ny-Hor
23%
Dynastie 0 Pe-Hor
23%
XIIe dynastie Sésostris II
21%
XIIe dynastie Sésostris III
21%
XVIe dynastie Sésostris IV
21%
XIXe dynastie Séthi II
21%
XVIIIe dynastie Aÿ II
17%
XVIIIe dynastie Horemheb
17%
XIXe dynastie Mérenptah
15%
XXVIIe dynastie (perse) Darius II
11%
XXXIe dynastie (perse) Darius III
11%
XXIIe dynastie Sheshonq II
11%
XXIIe dynastie Sheshonq III
11%
XXIIe dynastie (Thèbes) Sheshonq IV
11%
XXIIe dynastie Sheshonq V
11%
XXIIe dynastie (Thèbes) Sheshonq VII
11%
IVe Dynastie Snéfrou
11%
XXVIe dynastie Ahmôsis II
9%
XVe dynastie Apophis II
9%
XXXIIIe dynastie (lagide) Bérénice IV
9%
Ier Dynastie Djer
9%
Dynastie 0 Ka
9%
XIe dynastie Montouhotep II
9%
XIe dynastie Montouhotep III
9%
XIe dynastie Montouhotep IV
9%
XIIIe dynastie Montouhotep V
9%
XVIe dynastie Montouhotep VI
9%
XVIe dynastie Montouhotep VII
9%
XXVIe dynastie Nékao II
9%
XXIIe dynastie Osorkon II
9%
XXIIe dynastie (Thèbes) Osorkon III
9%
XXIIIe dynastie (1) Osorkon IV
9%
XXVIe dynastie Psammétique II
9%
XXVIe dynastie Psammétique III
9%
XXVIIe dynastie (égyptienne) Psammétique IV
9%
XXXIIe dynastie Alexandre le Grand
8%
XVIIIe dynastie Amenhotep Ier
8%
XXXIe dynastie (perse) Arsès
8%
XXVIIe dynastie (perse) Artaxerxès Ier
8%
XXVIIe dynastie (perse) Artaxerxès II
8%
XXXIe dynastie (perse) Artaxerxès III
8%
XXVIIe dynastie (perse) Cambyse II
8%
XXVIIe dynastie (perse) Darius Ier
8%
Ier Dynastie Den
8%
IIIe Dynastie Khaba
8%
XXXe dynastie Nectanébo Ier
8%
XXXe dynastie Nectanébo II
8%
XXVIe dynastie Nékao Ier
8%
XXIe dynastie Psousennès II
8%
XXXIIIe dynastie (lagide) Ptolémée Ier
8%
XIXe dynastie Ramsès Ier
8%
XIXe dynastie Séthi Ier
8%
XXIIe dynastie Sheshonq Ier
8%
XVIIIe dynastie Thoutmosis Ier
8%
XXVIIe dynastie (perse) Xerxès Ier
8%
XVIIIe dynastie Ahmôsis Ier
6%
XIIe dynastie Amenemhat II
6%
XIIe dynastie Amenemhat III
6%
XIIe dynastie Amenemhat IV
6%
XIIIe dynastie Amenemhat V
6%
XIIIe dynastie Amenemhat VI
6%
XIIIe dynastie Amenemhat VII
6%
XXVe dynastie Chabataka
6%
IVe Dynastie Djédefrê
6%
Ier Dynastie Horus-Ba
6%
XXXIe dynastie (égyptienne) Khababash
6%
XXIIe dynastie Osorkon Ier
6%
XXIIIe dynastie (1) Pétoubastis II
6%
XXIIIe dynastie (2) Pétoubastis III
6%
XXVIIe dynastie (égyptienne) Pétoubastis IV
6%
XXVIe dynastie Psammétique Ier
6%
Ve Dynastie Sahourê
6%
XXIIe dynastie (Thèbes) Takélot II
6%
XXIIe dynastie (Thèbes) Takélot III
6%
XXVIe dynastie Tefnakht II
6%
XXIXe dynastie Achôris
4%
Ier Dynastie Adjib
4%
XXIe dynastie Amenemnesout
4%
XXIe dynastie Amenemopet
4%
XIXe dynastie Amenmes
4%
XXVIIIe dynastie Amyrtée
4%
XIe dynastie Antef II
4%
XIe dynastie Antef III
4%
XIIIe dynastie Antef V
4%
XIVe dynastie | XVIIe dynastie Antef VI
4%
XVIIe dynastie Antef VII
4%
XVIIe dynastie Antef VIII
4%
XXVIe dynastie Apriès
4%
XIIIe dynastie Aÿ Ier
4%
XXIVe dynastie Bakenranef
4%
XXVe dynastie Chabaka
4%
IVe Dynastie Chepseskaf
4%
Ve Dynastie Chepseskarê
4%
VIIe dynastie Djedkarê II
4%
XIVe dynastie Djedkarê III
4%
Ier Dynastie Hor-Aha
4%
IIIe Dynastie Houni
4%
XIIIe dynastie Ini II
4%
XXIIe dynastie (Thèbes) Mékhenperrê Iny
4%
XXIXe dynastie Mouthis
4%
VIIe dynastie Néferkamin II
4%
VIe dynastie Néferkarê II
4%
VIe dynastie Néferkarê III
4%
VIIe dynastie Néferkarê IV
4%
VIIe dynastie Néferkarê V
4%
VIIe dynastie Néferkarê VI
4%
IXe dynastie Néferkarê VII
4%
XXIXe dynastie Néphéritès Ier
4%
XXIXe dynastie Néphéritès II
4%
Ve Dynastie Niouserrê
4%
VIe dynastie Nitocris
4%
Ier Dynastie Ouadji
4%
XVIIe dynastie Ouadjkheperrê Kames
4%
Ve Dynastie Ounas
4%
Ve Dynastie Ouserkaf
4%
XXIIIe dynastie (1) Pamy II
4%
VIe dynastie Pépi Ier
4%
XXVe dynastie Piânkhy
4%
XXIXe dynastie Psammouthis
4%
XXIe dynastie Psousennès Ier
4%
Ier Dynastie
4%
XXIIe dynastie (Thèbes) Roudamon
4%
IIIe Dynastie Sanakht
4%
XVIIe dynastie Seqenenrê Taâ
4%
XXe dynastie Sethnakht
4%
XXIIe dynastie Sheshonq IIb
4%
XXIe dynastie Siamon
4%
XIXe dynastie Siptah
4%
XXIe dynastie Smendès
4%
XVIIIe dynastie Smenkharê
4%
XVIIe dynastie Sobekemsaf II
4%
XIIIe dynastie Sobekhotep II
4%
XIIIe dynastie Sobekhotep III
4%
XIIIe dynastie Sobekhotep IV
4%
Dynastie d'Abydos Sobekhotep IX
4%
XIIIe dynastie Sobekhotep V
4%
XIIIe dynastie Sobekhotep VI
4%
XIIIe dynastie Sobekhotep VII
4%
XVIe dynastie Sobekhotep VIII
4%
XXVe dynastie Taharqa
4%
XXIIe dynastie Takélot Ier
4%
XXVe dynastie Tanoutamon
4%
XIXe dynastie Taousert
4%
XXXe dynastie Téos
4%
Dynastie d'Abydos Âby
2%
XIIe dynastie Amenemhat Ier
2%
XIe dynastie Antef Ier
2%
IVe Dynastie Baka
2%
IVe Dynastie Djédefhor
2%
IVe Dynastie Djédefptah
2%
XVIe dynastie Djehouty
2%
XXIe dynastie (Thèbes) Hérihor
2%
XIIIe dynastie Hori
2%
XIIIe dynastie Hor Ier
2%
XXIIe dynastie (Thèbes) Horsaïset Ier
2%
IIe Dynastie Hotepsekhemoui
2%
VIe dynastie Ibi
2%
XIIIe dynastie Ibi II
2%
XIIIe dynastie Ined
2%
XIIIe dynastie Ioufeni
2%
XIVe dynastie Khaouserrê
2%
IIe Dynastie Khâsekhemoui
2%
IXe dynastie Khéty II
2%
IXe dynastie Khéty III
2%
IXe dynastie Khéty IV
2%
Xe dynastie Khéty V
2%
Xe dynastie Khéty VI
2%
Xe dynastie Khéty VII
2%
Xe dynastie Khéty VIII
2%
XVe dynastie Khyan
2%
VIe dynastie Menkarê
2%
VIIe dynastie Mérenhor
2%
VIe dynastie Mérenrê II
2%
Xe dynastie Mérikarê II
2%
XIIIe dynastie Merkarê
2%
XIe dynastie Montouhotep Ier
2%
XVIIe dynastie Nebmaâtrê
2%
XIVe dynastie Nébououserrê
2%
IIe Dynastie Nebrê
2%
Ve Dynastie Néferefrê
2%
VIIIe dynastie Néferirkarê II
2%
VIIe dynastie Néferkahor
2%
XIIe dynastie Néférousobek
2%
VIIe dynastie Nykarê
2%
XXIe dynastie Osorkon l'Ancien
2%
IIe Dynastie Ouneg
2%
VIe dynastie Ouserkarê
2%
XXIIe dynastie (Thèbes) Pétoubastis Ier
2%
XXIe dynastie (Thèbes) Pinedjem Ier
2%
VIIIe dynastie Qakarê Ibi
2%
XVIIe dynastie Râhotep
2%
XVe dynastie Saki-Har
2%
Dynastie 0 Scorpion I
2%
Dynastie 0 Scorpion II
2%
XXIIIe dynastie (2) Sékhemkarê
2%
IIIe Dynastie Sekhemkhet
2%
Ier Dynastie Sémerkhet
2%
XVIIe dynastie Senakhtenrê Iâhmes
2%
IIe Dynastie Séned
2%
IXe dynastie Senen
2%
XIIe dynastie Sésostris Ier
2%
XIIIe dynastie Seth Ier
2%
Ier Dynastie Sneferka
2%
XVIIe dynastie Sobekemsaf Ier
2%
XXIVe dynastie Tefnakht Ier
2%
XIVe dynastie Âahoteprê
0%
Dynastie d'Abydos Âaqen
0%
XIIIe dynastie Ameny-Qemaou
0%
XIVe dynastie Ânkharê
0%
XVIIIe dynastie Ânkh-Khéperourê
0%
XIVe dynastie Aoutibrê
0%
XIVe dynastie Aped
0%
XVe dynastie Aper Anti
0%
XVe dynastie Apophis Ier
0%
XIVe dynastie Babnoum
0%
IVe Dynastie Baufrê
0%
XVIe dynastie Dedoumesiou Ier
0%
XVIe dynastie Dedoumesiou II
0%
IIe Dynastie Djadjay
0%
Ve Dynastie Djedkarê Ier
0%
XIVe dynastie Djedkerourê
0%
XIIIe dynastie Djedkheperou
0%
XXIIIe dynastie (2) Gemenefkhonsoubak
0%
XIVe dynastie Hébi
0%
XIVe dynastie Hépou
0%
XIVe dynastie Hérouibrê
0%
Dynastie 0 Horus aux 2 faucons
0%
Dynastie 0 Horus-Crocodile
0%
Dynastie 0 Horus-Lion
0%
XIIIe dynastie Hotepibrê
0%
IIe Dynastie Houdjefa
0%
XIIIe dynastie Imyramesha
0%
XXVIIe dynastie (égyptienne) Inaros II
0%
XIIIe dynastie Ini Ier
0%
XXIIe dynastie (Thèbes) Ioupout Ier
0%
XIIIe dynastie Kabaou
0%
XIVe dynastie Kakemetrê
0%
XIVe dynastie Kanéfertoumrê
0%
XIVe dynastie Khakarê
0%
XVe dynastie Khamoudy
0%
XIVe dynastie Khatirê
0%
XIIIe dynastie Khendjer
0%
Dynastie d'Abydos Khentykhentyemsaf
0%
XIVe dynastie Kherhemouetchepsout
0%
IXe dynastie Khéty Ier
0%
XIVe dynastie Khouhemouetchepsout
0%
Dynastie d'Abydos Khouiker
0%
XIVe dynastie Maâtibrê
0%
XIVe dynastie Menibrê Ier
0%
Ve Dynastie Menkaouhor
0%
XIVe dynastie Merdjéfarê
0%
VIe dynastie Mérenrê Ier
0%
Xe dynastie Mérihathor
0%
IXe dynastie Mérikarê Ier
0%
XIIIe dynastie Mérikheperrê
0%
XVIe dynastie Montouemsaf
0%
XIVe dynastie Nebdjefarê
0%
XIVe dynastie Nebfaourê
0%
XVIe dynastie Nebiryraou Ier
0%
XVIe dynastie Nebiryraou II
0%
XIIIe dynastie Nebnoum
0%
XIVe dynastie Nebsenrê
0%
XIIIe dynastie Nedjemibrê
0%
XIIIe dynastie Neferhotep Ier
0%
XIIIe dynastie Neferhotep II
0%
XVIe dynastie Neferhotep III
0%
XIVe dynastie Néferibrê
0%
Ve Dynastie Néferirkarê Ier
0%
VIIe dynastie Néferkamin Ier
0%
VIIIe dynastie Néferkaouhor
0%
IIe Dynastie Neferkarê Aaka
0%
IIe Dynastie Neferkasokar
0%
XIVe dynastie Néhésy
0%
XIIIe dynastie Nerkarê
0%
VIe dynastie Netjerkarê
0%
XIVe dynastie Nibef
0%
Dynastie 0 Ni-Neith
0%
IIe Dynastie Ninetjer
0%
VIIIe dynastie Ouadjikarê
0%
XIIIe dynastie Ouahibrê
0%
XIVe dynastie Oubenrê
0%
XIIIe dynastie Ougaf
0%
Dynastie d'Abydos Oupouaoutemsaf
0%
XIVe dynastie Ourkai
0%
Dynastie d'Abydos Ousermontou
0%
Dynastie d'Abydos Paentjeny
0%
XXIIe dynastie Pamy Ier
0%
Dynastie 0 Pen-Abou
0%
XIVe dynastie Penestensepti
0%
IIe Dynastie Péribsen
0%
XIIIe dynastie Renséneb
0%
XIIIe dynastie Sahathor
0%
Dynastie d'Abydos Sakarê
0%
XIIIe dynastie Sânkhaptahi
0%
XIVe dynastie Séânkhibrê
0%
XIIIe dynastie Seb
0%
XIIIe dynastie Sebkay
0%
IIIe Dynastie Sedjes
0%
XIVe dynastie Séhebrê
0%
XIIIe dynastie Sekhâenrê
0%
XIVe dynastie Sékhâenrê
0%
IIe Dynastie Sekhemib
0%
XIVe dynastie Sékhéperenrê
0%
XIVe dynastie Seménenrê
0%
XVIe dynastie Semenrê
0%
XVe dynastie Semqen
0%
Dynastie d'Abydos Senââib
0%
XIIIe dynastie Senbef
0%
XIIIe dynastie Senebkay
0%
XIVe dynastie Séouadjkharê II
0%
XVIe dynastie Shedouaset
0%
XIVe dynastie Shemsou
0%
XXIIe dynastie Sheshonq IIIa
0%
XIIIe dynastie Sobekhotep Ier
0%
XIIIe dynastie Souadjetou
0%
XIIIe dynastie Souadjkarê Ier
0%
XIIIe dynastie Souahenrê
0%
XIVe dynastie Sounou
0%
XIIIe dynastie Sousekhtaouy
0%
XVIe dynastie Sousenrê
0%
VIe dynastie Téti Ier
0%
Aucun quiz correspondant
Distribution des résultats
% des personnes avec chaque résultat
Percentile par nombre de réponses
Votre historique - résultats
Vous n’avez pas pris ce quiz